Religion Quiz

Random Religion or Verse Quiz

Memory Verse 001 Quiz Stats

 Plays Quiz not verified by Sporcle

Also try: Greek Gods
Challenge
Share
Tweet
Embed
Score 0/100 Timer 05:00
0 Plays Today
% Correct
For
100%
we
92.3%
were
84.6%
once
84.6%
foolish,
84.6%
ourselves
76.9%
disobedient,
76.9%
led
76.9%
astray,
76.9%
slaves
76.9%
to
76.9%
various
76.9%
passions
76.9%
and
76.9%
pleasures,
76.9%
malice
76.9%
and
76.9%
hated
76.9%
by
76.9%
others
76.9%
and
76.9%
hating
76.9%
one
76.9%
another.
76.9%
But
76.9%
when
76.9%
the
76.9%
goodness
76.9%
and
76.9%
loving
76.9%
kindness
76.9%
of
76.9%
God
76.9%
our
76.9%
% Correct
Savior
76.9%
appeared,
76.9%
he
76.9%
saved
76.9%
us,
76.9%
not
76.9%
because
76.9%
of
76.9%
works
76.9%
done
76.9%
by
76.9%
us
76.9%
in
76.9%
righteousness,
76.9%
but
76.9%
envy,
69.2%
according
69.2%
to
69.2%
his
69.2%
mercy,
69.2%
Holy
69.2%
Spirit,
69.2%
our
61.5%
days
61.5%
in
61.5%
own
61.5%
by
61.5%
the
61.5%
washing
61.5%
of
61.5%
regeneration
61.5%
and
61.5%
renewal
61.5%
of
61.5%
% Correct
the
61.5%
whom
61.5%
he
61.5%
poured
61.5%
out
61.5%
on
61.5%
us
61.5%
through
61.5%
Jesus
61.5%
Christ
61.5%
passing
53.8%
richly
53.8%
our
53.8%
Savior,
53.8%
so
46.2%
that
46.2%
being
46.2%
justified
46.2%
by
46.2%
his
46.2%
grace
46.2%
we
46.2%
might
46.2%
become
46.2%
heirs
46.2%
the
46.2%
hope
46.2%
of
46.2%
eternal
46.2%
life.
46.2%
according
38.5%
to
38.5%

You're not logged in!

Compare scores with friends on all Sporcle quizzes.
Join for Free
OR
Log In

You Might Also Like...

Show Comments

Extras

Created Mar 6, 2012ReportNominate
Tags:Verse Quiz, memory

Top Quizzes Today


Score Distribution

Your Account Isn't Verified!

In order to create a playlist on Sporcle, you need to verify the email address you used during registration. Go to your Sporcle Settings to finish the process.

Report this User

Report this user for behavior that violates our Community Guidelines.

Details: